The silver eyes (Record no. 36305)

MARC details
000 -LEADER
fixed length control field 00611nam a2200181Ia 4500
020 ## - INTERNATIONAL STANDARD BOOK NUMBER
ISBN 9781522771562
050 ## - CALL MARK
Classification number PZ7.1.C4645 C39/
100 ## - STATEMENT OF RESPONSIBILITY--MAIN AUTHOR NAME
Personal name Cawthon, Scott
245 #4 - TITLE STATEMENT
Title The silver eyes
260 ## - PUBLICATION, DISTRIBUTION, ETC. (IMPRINT)
Place of publication New York
260 ## - PUBLICATION, DISTRIBUTION, ETC. (IMPRINT)
Name of publisher Scholastic
260 ## - PUBLICATION, DISTRIBUTION, ETC. (IMPRINT)
Year of publication 2015
300 ## - PHYSICAL DESCRIPTION
Number of Pages 464 p
650 ## - SUBJECT ADDED ENTRY--TOPICAL TERM
Topical Term Robots--Juvenile fiction. Pizzerias--Juvenile fiction. Survival--Juvenile fiction. Zombies--Juvenile fiction. Young adult fiction. Robots--Fiction. Pizzerias--Fiction. Horror stories.
942 ## - ADDED ENTRY ELEMENTS (KOHA)
Koha item type Books
Holdings
Withdrawn status Lost status Source of classification or shelving scheme Damaged status Not for loan Permanent Location Current Location Date acquired Accession Number Price effective from Koha item type
    Library of Congress Classification     NILE UNIVERSITY OF NIGERIA - MAIN LIBRARY NILE UNIVERSITY OF NIGERIA - MAIN LIBRARY 04/23/2025 0195268 04/23/2025 Books